Statistiques concernant Football: Palmarès international

Cliquez ici pour prendre le quiz!

Statistiques générales

  • Ce quiz a été pris 2 673 fois
    (837 depuis la dernière actualisation)
  • Le résultat moyen est 33 sur 52

Statistiques - réponses

Réponse% Correct
Brésil
100%
France
100%
Allemagne (+ RFA)
99%
Argentine
99%
Espagne
98%
Italie
98%
Uruguay
96%
Algérie
91%
Angleterre
91%
Japon
90%
Maroc
90%
Egypte
87%
Australie
85%
Chili
85%
Sénégal
84%
Portugal
83%
Corée du sud
79%
Colombie
78%
Cameroun
77%
Côte d'Ivoire
76%
Nouvelle-Zélande
75%
Grèce
74%
Mexique
71%
Tunisie
69%
Pays-Bas
67%
Afrique du sud
66%
Etats Unis
66%
Pérou
65%
RD Congo
64%
Paraguay
61%
Canada
59%
Nigeria
59%
Congo
57%
Danemark
57%
Bolivie
56%
Ghana
50%
Qatar
50%
Arabie Saoudite
48%
Iran
45%
URSS
45%
Costa Rica
40%
Zambie
35%
Irak
34%
Honduras
32%
Tchécoslovaquie
27%
Ethiopie
23%
Soudan
22%
Guatemala
21%
Israël
17%
Haïti
16%
Koweït
12%
Tahiti
6%

Distribution des résultats

Percentile par nombre de réponses

% des personnes avec chaque résultat

Votre développement - résultats

Vous n’avez pas pris ce quiz depuis la dernière actualisation